Holy Bible : From the ancient Eastern text (Record no. 10017)
[ view plain ]
| 000 -LEADER | |
|---|---|
| fixed length control field | 00410nam a2200169Ia 4500 |
| 001 - CONTROL NUMBER | |
| control field | 8757 |
| 008 - FIXED-LENGTH DATA ELEMENTS--GENERAL INFORMATION | |
| fixed length control field | 140325s9999 xx 000 0 und d |
| 020 ## - INTERNATIONAL STANDARD BOOK NUMBER | |
| International Standard Book Number | 0-06-064926-7 |
| 040 ## - CATALOGING SOURCE | |
| Transcribing agency | PK-LaUMT |
| 082 ## - DEWEY DECIMAL CLASSIFICATION NUMBER | |
| Classification number | 220 |
| Item number | HOL- |
| 100 ## - MAIN ENTRY--PERSONAL NAME | |
| Personal name | Lamsa, George M., Tr. |
| 245 ## - TITLE STATEMENT | |
| Title | Holy Bible : From the ancient Eastern text |
| Statement of responsibility, etc | Lamsa, George M., Tr. |
| 260 ## - PUBLICATION, DISTRIBUTION, ETC. (IMPRINT) | |
| Date of publication, distribution, etc | 1939 |
| 300 ## - PHYSICAL DESCRIPTION | |
| Extent | 1243 p. |
| 546 ## - LANGUAGE NOTE | |
| Language note | EN |
| 942 ## - ADDED ENTRY ELEMENTS (KOHA) | |
| Koha item type | Books |
| Withdrawn status | Lost status | Damaged status | Not for loan | Home library | Current library | Date acquired | Total Checkouts | Full call number | Barcode | Date last seen | Date checked out | Price effective from | Koha item type |
|---|---|---|---|---|---|---|---|---|---|---|---|---|---|
| UMT Main Campus | UMT Main Campus | 2014-03-25 | 1 | 220 HOL- | 9325 | 2024-03-12 | 2018-10-24 | 2014-03-25 | Books |
